000 01710nam a22005890a 4500
001 PT11296
003 AR-LpoUNG
005 20210131232438.0
008 191001ss.f.||||ag |||||||||||||||||spa d
020 _a9879015592
_c$14.44
040 _aAR-LpoUNG
_bspa
_cAR-LpoUNG
_eaacr
041 _aspa
044 _aag
082 0 _a982.064 443es
100 1 _aSábato, Ernesto
_epról.
245 1 0 _aDesde el silencio :
_bescritos de jóvenes secuestrados-desaparecidos durante la dictadura
260 _aBuenos Aires :
_bLa Página,
_cs.f..
300 _a95 p. :
_btbls.
650 4 _aARGENTINA
650 4 _aAUTORITARISMO
650 4 _aDICTADURA
650 4 _aHISTORIA SOCIAL
650 4 _aPOBLACION
650 4 _aPROBLEMAS SOCIALES
650 4 _aSISTEMAS POLITICOS
651 4 _aDOCUMENTOS TEORICOS O METODOLOGICOS
700 1 _aBelli, Mariana C.
700 1 _aBianchi, Ramón O.
700 1 _aBurdisso, Alicia
700 1 _aCanedo, Arturo
700 1 _aColombo, Alvaro M.
700 1 _aEpelbaum, Claudio
700 1 _aFavero, Daniel O.
700 1 _aFidalgo, Alcira G.
700 1 _aGalletti, Liliana E.
700 1 _aGarcía Gastelu, Horacio O.
700 1 _aGrande, Sara E.
700 1 _aJarach, Franca
700 1 _aKehoe Wilson, Gloria
700 1 _aMignone, Mónica M. C.
700 1 _aMinervini, Cecilia L.
700 1 _aMuñiz Paz, Agustina M.
700 1 _aRawa Jasinski, Julio R.
700 1 _aSalinas, Ricardo L.
700 1 _aSegalli, Guillermo O.
700 1 _aSilveiraGramont, Maria R.
700 1 _aTillet, Carlos M.
700 1 _aVargas de Rueda, Maria A.
700 1 _aWeinstein, Mauricio F.
905 _a11296
942 _cLSALA
999 _c15674
_d15674